000 00956nam0a22002531 4500
001 rc\2808513
005 20260407071435.0
035 _a(NLR Aleph) 006934395
090 _a7580827
_c7580827
100 _a20110915d1936 |||y0rusy50 ca
101 0 _arus
102 _aRU
105 _aae j |||||
200 1 _aЗоология
_eУчебник для 6 и 7 классов неполной средн. и средн. школы
_eУтв. Наркомпросом РСФСР
_fМ. Я. Цузмер
205 _a4-е изд.
210 _aМосква
_cУчпедгиз
_d1936
_eЛенинград
_gтип. "Печатный двор"
215 _aПереплет, 240 с.
_cил.
_d21х14 см.
700 1 _7ca
_8rus
_aЦузмер
_bМ. Я.
_f1884-1947
_gМоисей Яковлевич
_3RU\NLR\AUTH\770278618
_92650585
801 0 _aRU
_bNLR
_gpsbo
801 1 _aRU
_bELAR
_2rusmarc
852 _aNLR
_j36-4/890
942 _cBOOK
980 _aNB